000 00371nam a2200145Ia 4500
005 20251222175926.0
008 251222s9999||||xx |||||||||||||| ||spa||
020 _a9786123151997
082 _a658.404/C75
100 _aCollazos Cerrón, Jesús
245 0 _aEvaluación Empresarial de Proyectos
250 _a2a. ed.
264 _bEditorial San Marcos
942 _cLIB
999 _c40841
_d40841